Las enfermedades y parásitos mas frecuentes de las aves de corral / (Record no. 59710)

MARC details
000 -LEADER
campo de control de longitud fija 00696nam a2200193 i 4500
001 - NÚMERO DE CONTROL
campo de control 59710
003 - IDENTIFICADOR DE NÚMERO DE CONTROL
campo de control ES-MaACL
005 - FECHA Y HORA DE LA ÚLTIMA TRANSACCIÓN
campo de control 20230906164103.0
007 - CAMPO FIJO DE DESCRIPCIÓN FÍSICA--INFORMACIÓN GENERAL
campo de control de longitud fija t|
008 - DATOS DE LONGITUD FIJA--INFORMACIÓN GENERAL
campo de control de longitud fija 031030s1946 ag ||||1| spa d
245 04 - MENCIÓN DEL TÍTULO
Título Las enfermedades y parásitos mas frecuentes de las aves de corral /
Mención de responsabilidad, etc. traducido del "Vearbook of Agriculture 1942" por Carlos J. Tèaubler.
260 ## - PUBLICACIÓN, DISTRIBUCIÓN, ETC.
Lugar de publicación, distribución, etc. Buenos Aires :
Nombre del editor, distribuidor, etc. Acme Agency Soc. de Resp. Ltda.,
Fecha de publicación, distribución, etc. 1946 (
Fabricante Compañía Fabril Financiera)
300 ## - DESCRIPCIÓN FÍSICA
Extensión IX, 272 p. :
Otras características físicas il. ;
Dimensiones 23 cm.
490 1# - MENCIÓN DE SERIE
Mención de serie Manuales prácticos
700 1# - ENTRADA AGREGADA--NOMBRE PERSONAL
Nombre de persona Tèaubler, Carlos J.
9 (RLIN) 133428
830 0# - PUNTO DE ACCESO ADICIONAL DE SERIE-TÍTULO UNIFORME
Título uniforme Manuales prácticos
9 (RLIN) 184523
852 ## - LOCALIZACIÓN
Ubicación ES-MaACL
Número de control de estantería C-4077
Sublocalización o colección R.23667
Holdings
Estatus retirado Estado de pérdida Estado de daño No para préstamo Biblioteca de origen Biblioteca actual Ubicación en estantería Fecha de adquisición Fuente de adquisición Total de préstamos Signatura topográfica completa Código de barras Visto por última vez Precio de reemplazo Tipo de ítem Koha
        Biblioteca del Ateneo de Madrid Biblioteca del Ateneo de Madrid Sala Palomar 17/01/2008     C-4077 1062628 23/02/2023 23/02/2023 Libro impreso